Panamá Cosmopolita : (Record no. 10964)

MARC details
000 -LEADER
campo de control de longitud fija 00301nam a2200109Ia 4500
005 - FECHA Y HORA DE LA ÚLTIMA TRANSACCIÓN
campo de control 20260328104311.0
008 - DATOS DE LONGITUD FIJA--INFORMACIÓN GENERAL
campo de control de longitud fija 260328s9999||||xx |||||||||||||| ||und||
100 ## - ENTRADA PRINCIPAL--NOMBRE DE PERSONA
Nombre de persona Mora, Mónica
245 #0 - MENCIÓN DEL TÍTULO
Título Panamá Cosmopolita :
Resto del título la exposicion de 1916 y su legado /
Mención de responsabilidad, etc. Mónica Mora
650 ## - PUNTO DE ACCESO ADICIONAL DE MATERIA--TÉRMINO DE MATERIA
Término de materia o nombre geográfico como elemento de entrada PANAMÁ
942 ## - ELEMENTOS DE ENTRADA SECUNDARIOS (KOHA)
Tipo de ítem Koha Libros

No items available.